BASIC ELECTRONICS AND LINEAR CIRCUIT (Record no. 5784)

MARC details
000 -LEADER
fixed length control field 00530nam a2200253Ia 4500
001 - CONTROL NUMBER
control field 070830
003 - CONTROL NUMBER IDENTIFIER
control field YMCAF
005 - DATE AND TIME OF LATEST TRANSACTION
control field 20230512160654.0
008 - FIXED-LENGTH DATA ELEMENTS--GENERAL INFORMATION
fixed length control field 100717s1992 ||||||||||||||||| ||und|d
020 ## - INTERNATIONAL STANDARD BOOK NUMBER
International Standard Book Number -
024 ## - OTHER STANDARD IDENTIFIER
Standard number or code 70830
035 ## - SYSTEM CONTROL NUMBER
System control number 10293
040 ## - CATALOGING SOURCE
Original cataloging agency YMCAF
Language of cataloging eng
Transcribing agency IN-KoLT
041 ## - LANGUAGE CODE
Language code of text/sound track or separate title eng
082 ## - DEWEY DECIMAL CLASSIFICATION NUMBER
Classification number 621.381
Item number BHA
100 ## - MAIN ENTRY--PERSONAL NAME
Personal name BHARGVA, KULKARNI
245 #0 - TITLE STATEMENT
Title BASIC ELECTRONICS AND LINEAR CIRCUIT
250 ## - EDITION STATEMENT
Edition statement -
260 ## - PUBLICATION, DISTRIBUTION, ETC.
Name of publisher, distributor, etc. TMH
Date of publication, distribution, etc. 1992
300 ## - PHYSICAL DESCRIPTION
Extent 490
653 ## - INDEX TERM--UNCONTROLLED
Uncontrolled term -
653 ## - INDEX TERM--UNCONTROLLED
Uncontrolled term -
942 ## - ADDED ENTRY ELEMENTS (KOHA)
Source of classification or shelving scheme Dewey Decimal Classification
Koha item type Books
Holdings
Withdrawn status Lost status Damaged status Not for loan Home library Current library Date acquired Cost, normal purchase price Total Checkouts Barcode Date last seen Cost, replacement price Price effective from Koha item type Public note G
  Lost     JC Bose University of Science & Technology JC Bose University of Science & Technology 17/07/2010 72.00   10294 12/05/2023 72.00 12/05/2023 Books C 128770
  Lost     JC Bose University of Science & Technology JC Bose University of Science & Technology 17/07/2010 72.00   10293 12/05/2023 72.00 12/05/2023 Books C 128770